[Event "47th New York Masters"]
[Site "New York"]
[Date "2003.03.11"]
[Round "2"]
[White "Shahade, Gregory"]
[Black "Yudasin, Leonid"]
[Result "1/2-1/2"]
[WhiteElo "2510"]
[BlackElo "2706"]
[PlyCount "155"]
[EventDate "2003.03.11"]
[Source "Roberto Alvarez"]
[SourceDate "2003.05.19"]

1. e4 c6 2. d4 d5 3. exd5 cxd5 4. c4 Nf6 5. Nc3 e6 6. Nf3 Bb4 7. cxd5 Nxd5 8. Qc2 Nc6 9. Bd3 Be7 10. a3 Bf6 11. O-O h6 12. Be4 Nce7 13. Qe2 O-O 14. Bc2 Qc7 15. Qe4 Ng6 16. Bd2 Bd7 17. Bb3 Nxc3 18. bxc3 Rfe8 19. Bc2 Rac8 20. Rab1 b6 21. Rfe1 Red8 22. Bd3 Qd6 23. Qg4 Nf8 24. Ba6 Rc6 25. Bb5 Rcc8 26. Ba6 Rc6 27. Ne5 Bxe5 28. Rxe5 Ng6 29. Ree1 e5 30. Qf3 exd4 31. cxd4 Qxd4 32. Be3 Qf6 33. Qxf6 Rxf6 34. Red1 Nf8 35. Rbc1 Re8 36. Rc7 Ba4 37. Rdc1 b5 38. Rxa7 Ng6 39. Bb7 Bb3 40. Bc6 Rb8 41. Rc5 Ba4 42. h3 Rc8 43. Be4 Rxc5 44. Bxc5 Bb3 45. h4 h5 46. g3 Re6 47. Bxg6 Rxg6 48. Be3 Rd6 49. Ra8+ Kh7 50. Rc8 Rd1+ 51. Kh2 Bd5 52. Rc1 Rd3 53. Bc5 Bf3 54. Rb1 f6 55. Re1 Bd5 56. Rb1 Rc3 57. Be3 Rxa3 58. Rxb5 Bf3 59. Rf5 Bg4 60. Rc5 Kg6 61. Kg2 Ra1 62. Rc1 Ra2 63. Rc5 Bf5 64. Rc4 Bd3 65. Rc1 Be4+ 66. Kg1 Kf5 67. Kh2 Kg4 68. Rc7 Ra1 69. Rc1 Ra2 70. Rc7 g6 71. Rc4 Kf3 72. Rc3 Ra6 73. Bd4+ Kg4 74. Be3 Ba8 75. Rc4+ Kf3 76. Rc7 Be4 77. Ra7 Rd6 78. Ra1 1/2-1/2

[Event "46th New York Masters"]
[Site "New York"]
[Date "2003.03.04"]
[Round "4"]
[White "Shahade, Gregory"]
[Black "Yudasin, Leonid"]
[Result "1-0"]
[WhiteElo "2510"]
[BlackElo "2706"]
[PlyCount "125"]
[EventDate "2003.03.04"]
[Source "Roberto Alvarez"]
[SourceDate "2003.05.19"]

1. e4 c6 2. d4 d5 3. exd5 cxd5 4. c4 Nf6 5. Nc3 e6 6. Nf3 Bb4 7. cxd5 Nxd5 8. Qc2 Nc6 9. Bd3 Nf6 10. O-O Be7 11. a3 O-O 12. Be3 g6 13. Rad1 Bd7 14. Ne5 Rc8 15. Qe2 Re8 16. Bc4 Qc7 17. Nxd7 Qxd7 18. d5 exd5 19. Nxd5 Nxd5 20. Rxd5 Qc7 21. Qf3 Bf8 22. Bf4 Qe7 23. Bg5 Qc7 24. Ba2 Bg7 25. b4 Nd4 26. Qd1 Ne2+ 27. Kh1 Nc3 28. Rd7 Nxd1 29. Bxf7+ Kf8 30. Rxc7 Rxc7 31. Bxe8 Nc3 32. Re1 a6 33. Bf4 Rc4 34. Bd6+ Kg8 35. Bd7 Re4 36. Be6+ Kh8 37. Rxe4 Nxe4 38. Be7 Nxf2+ 39. Kg1 Bd4 40. Bc8 Ng4+ 41. Kf1 Ne3+ 42. Ke2 Nf5 43. Bc5 b6 44. Bxd4+ Nxd4+ 45. Kd3 Nb5 46. Bxa6 Nxa3 47. Kc3 b5 48. Kb3 Nc4 49. Bxb5 Nb6 50. Bc6 Kg7 51. Kc3 Kf6 52. Kd4 Ke7 53. Kc5 Nc8 54. b5 Kd8 55. b6 Ne7 56. Be4 Kd7 57. Kd4 Kd6 58. b7 Kc7 59. Ke5 Ng8 60. h3 Nh6 61. Kf6 Ng8+ 62. Kf7 Nh6+ 63. Kg7 1-0